| 000 | 00506nmm a2200157Ia 4500 | ||
|---|---|---|---|
| 008 | 251105s9999||||xx |||||||||||||||||und|| | ||
| 020 | _a9789875914544 | ||
| 041 | _aspa | ||
| 100 | _aTorbert, Marianne | ||
| 245 | 0 | _aJuegos para el desarrollo motor : crecimiento integral para los niños con y sin problemas | |
| 264 |
_a[Buenos Aires, Argentina] : _bEditorial Brujas, _c2014 |
||
| 300 | _a216 páginas | ||
| 650 | _aEducation | ||
| 856 | _uhttps://public.digitaliapublishing.com/a/35414 | ||
| 942 | _cCF | ||
| 999 |
_c97491 _d97491 |
||